000
00251nam a2200097Ia 4500
001
924422
005
20250826191521.0
008
250824s9999 xx 000 0 und d
245
0
_a
İKİ ŞEHRİN HİKAYESİ
_c
CHARLES DICKENS
260
_b
ANONİM YAYINLARI
999
_c
924422
_d
924422